Statistiques concernant Les 151 premiers pokémons par premières ou dernières lettres

Cliquez ici pour prendre le quiz!

Statistiques générales

  • Ce quiz a été pris 255 fois
  • Le résultat moyen est 112 sur 151

Statistiques - réponses

Liste des Pokémons% Correct
Bulbizarre
100%
Herbizarre
99%
Salamèche
99%
Florizarre
98%
Carabaffe
97%
Reptincel
97%
Magmar
96%
Abra
95%
Carapuce
94%
Draco
94%
Kadabra
94%
Mélodelfe
94%
Raichu
94%
Sulfura
94%
Caninos
93%
Dracolosse
93%
Ptéra
93%
Racaillou
93%
Rattata
93%
Rattatac
93%
Sablette
93%
Canarticho
92%
Kabuto
92%
Nosferalto
92%
Rapasdepic
92%
Sablaireau
92%
Dracaufeu
91%
Métamorph
91%
Mew
91%
Mewtwo
91%
Minidraco
91%
M.Mime
91%
Paras
91%
Rafflesia
91%
Ramoloss
91%
Saquedeneu
91%
Galopa
90%
Mélofée
90%
Papilusion
90%
Piafabec
90%
Pikachu
90%
Tortank
90%
Chenipan
89%
Magicarpe
88%
Ponyta
88%
Ronflex
88%
Roucarnage
88%
Chétiflor
87%
Chrysacier
87%
Coconfort
87%
Colossinge
87%
Gravalanch
87%
Parasect
87%
Rondoudou
87%
Roucoups
87%
Arcanin
86%
Artikodin
86%
Amonistar
85%
Nidorino
85%
Roucool
85%
Dardagnan
84%
Arbok
83%
Abo
82%
Amonita
82%
Kokiyas
82%
Léviator
82%
Boustiflor
80%
Nidoran ♂
80%
Nidoran ♀
80%
Tentacruel
80%
Aspicot
79%
Ectoplasma
78%
Férosinge
78%
Tauros
78%
Electhor
77%
Feunard
76%
Grolem
76%
Magnéton
76%
Nidorina
76%
Nidoking
75%
Tartard
75%
Flagadoss
74%
Grodoudou
74%
Miaouss
74%
Mimitoss
74%
Nidoqueen
74%
Nosferapti
74%
Tadmorv
74%
Taupiqueur
74%
Voltali
74%
Electrode
73%
Machoc
73%
Machopeur
73%
Mackogneur
73%
Grotadmorv
72%
Magnéti
72%
Noadkoko
72%
Persian
72%
Porygon
72%
Noeunoeuf
71%
Evoli
70%
Pyroli
70%
Aéromite
69%
Aquali
69%
Mystherbe
69%
Scarabrute
69%
Alakazam
68%
Empiflor
68%
Hypotrempe
67%
Poissirène
67%
Kabutops
66%
Ortide
66%
Tentacool
65%
Voltorbe
64%
Elektek
63%
Kangourex
62%
Tetarte
62%
Poissoroy
61%
Smogo
61%
Smogogo
61%
Fantominus
58%
Leveinard
58%
Lippoutou
58%
Ptitard
58%
Crustabri
57%
Lokhlass
54%
Triopikeur
54%
Goupix
53%
Hypnomade
53%
Lamantine
53%
Hypocéan
52%
Rhinoféros
48%
Rhinocorne
47%
Spectrum
46%
Tygnon
42%
Soporifik
41%
Dodrio
40%
Insécateur
40%
Doduo
39%
Ossatueur
39%
Psykokwak
39%
Stari
38%
Osselait
35%
Otaria
35%
Akwakwak
34%
Onix
34%
Staross
34%
Krabboss
31%
Kicklee
29%
Krabby
29%
Excelangue
25%

Distribution des résultats

Percentile par nombre de réponses

% des personnes avec chaque résultat

Votre développement - résultats

Vous n’avez pas pris ce quiz